000 01153nam a22001937a 4500
005 20251121161532.0
006 a|||||r|||||||||||
008 251121s |||ao||| |||| 00| ||gre d
020 _a9789881354761
040 _aGR-AtMCL
_bgre
_dGR-AtMCL
_eAACR2
245 1 0 _aFashionpedia:
_bthe visual dictionary of fashion design/
_cFashionary International Ltd
260 _aHong Kong:
_bFashionary,
_c2021
300 _a335 p.:
_bill;
_c21 cm
520 _aFASHIONPEDIA is a comprehensive visual fashion dictionary that meticulously covers all technical terms related to style, material, and production. Filled with illustrations and infographics, it offers a wealth of extensive information while remaining incredibly easy to read and navigate. The book spans various essential categories, including History and Styles, Apparel, Detail, Accessories, Textile, Manufacturing, Body & Beauty, Measurement & Care. Whether you're an industry insider or a fashion enthusiast, FASHIONPEDIA is the ultimate reference you need to master the fashion landscape.
650 0 _aFashion
_99926
650 0 _aFashion design
_910081
942 _cBK
999 _c9960
_d9960